000 01196nam a2200325 i 4500
003 EG-GICUC
005 20260206045144.0
008 260109s2011 ua o|||fr|||| 00| 0 ara d
017 _a11886/2010
020 _a9789773287243
040 _a EG-GICUC
_bara
_c EG-GICUC
_d EG-GICUC
_erda
041 0 _aAra
082 0 4 _221
_a343.39
_bط ا . ب
092 0 4 _221
099 _aLaw1 10 343.39 ط ا . ب 2011
100 0 _aطارق إبراهيم الدسوقى عطية
_eمؤلف.
245 1 2 _aالبصمات وأثرها فى الإثبات الجنائى /
_cتأليف دكتور طارق إبراهيم الدسوقى عطية.
264 1 _aالإسكندرية :
_bدار الجامعة الجديدة،
_c2011.
300 _a564 صفحة :
_bصور؛
_c24 سم.
336 _2rda content
_atext
337 _2rda media
_aComputer
338 _2rda carrier
_aOnline Resource
504 _a ببليوجرافيا: صفحات545-549.
650 1 _aالإثبات الجنائى
_2qrmak
650 1 _aالقانون الجنائى
_2qrmak
651 1 _2qrmak
856 4 0 _uhttps://fll.law.cu.edu.eg/fulltext/bks/B10-07439.pdf
905 _a54
_eYara
942 _2ddc
_cBK
_e21
_n0
999 _c55800
_d55800